| 000 | 00521nam a22001812 4500 | ||
|---|---|---|---|
| 001 | 0000001797 | ||
| 005 | 20170406113728.0 | ||
| 008 | 140131s xx 000 0 eng d | ||
| 020 | _c$ | ||
| 040 |
_aYour Holding Symbol _cYour Holding Symbol |
||
| 100 | 1 | _aGloria,P.Hagons. | |
| 245 | 1 | 4 |
_aThe world today,Workbook : _bhealth social studies. |
| 250 | _a ed. | ||
| 260 |
_aToronto : _bD.C Health and company, _c1987. |
||
| 300 |
_a124 p. : _bill ; _c cm. |
||
| 650 | 0 | _asocial studies. | |
| 908 | _a140131 | ||
| 999 |
_c1708 _d1708 |
||